[Event "ROU-ch Women 2021"]
[Site "Iasi"]
[Date "2021.04.19"]
[Round "1.1"]
[White "Anghel, Maria"]
[Black "Peptan, Corina-Isabela"]
[Result "0-1"]
[WhiteElo "1918"]
[BlackElo "2392"]
[Annotator "ChessBase"]
[PlyCount "92"]
[EventDate "2021.04.19"]
[EventType "swiss"]
[EventCountry "ROU"]
[SourceTitle "playchess.com"]
[Source "ChessBase"]
[SourceQuality "1"]
[TimeControl "5400+30"]

1. d4 {[%emt 0:00:00]} Nf6 {[%emt 0:00:00]} 2. Nf3 {[%emt 0:00:00]} e6 {[%emt 0:00:53]} 3. c4 {[%emt 0:00:00]} Bb4+ {[%emt 0:00:33]} 4. Bd2 {[%emt 0:00:07]} Qe7 {[%emt 0:00:28]} 5. g3 {[%emt 0:00:54]} O-O {[%emt 0:03:44]} 6. Bg2 {[%emt 0:00:20]} d5 {[%emt 0:00:08]} 7. cxd5 {[%emt 0:07:41]} exd5 {[%emt 0:00:10]} 8. O-O {[%emt 0:01:23]} Bd6 {[%emt 0:06:19]} 9. Nc3 {[%emt 0:02:21]} c6 {[%emt 0:00:30]} 10. Rc1 {[%emt 0:10:33]} Nbd7 {[%emt 0:07:23]} 11. Ne1 {[%emt 0:08:07]} Nb6 {[%emt 0:05:46]} 12. Nd3 {[%emt 0:05:41]} Nc4 {[%emt 0:02:00]} 13. Re1 {[%emt 0:10:56]} Nxd2 {[%emt 0:05:30]} 14. Qxd2 {[%emt 0:01:15]} Ne4 {[%emt 0:03:06]} 15. Nxe4 {[%emt 0:13:57]} dxe4 {[%emt 0:00:06]} 16. Nc5 {[%emt 0:01:13]} Bf5 {[%emt 0:03:41]} 17. a3 {[%emt 0:02:47]} Rfe8 {[%emt 0:03:13]} 18. e3 {[%emt 0:01:42]} h5 {[%emt 0:02:36]} 19. f4 {[%emt 0:10:30]} exf3 {[%emt 0:05:31]} 20. Bxf3 {[%emt 0:00:11]} h4 {[%emt 0:00:06]} 21. e4 {[%emt 0:02:23]} Bg6 {[%emt 0:00:28]} 22. e5 {[%emt 0:03:49]} Bxc5 {[%emt 0:00:07]} 23. Rxc5 {[%emt 0:00:42]} Rad8 {[%emt 0:00:05]} 24. Qf4 {[%emt 0:02:36]} hxg3 {[%emt 0:05:45]} 25. hxg3 {[%emt 0:00:06]} Qe6 {[%emt 0:00:28]} 26. Bg4 {[%emt 0:04:16]} Qb3 {[%emt 0:00:33]} 27. Qf2 {[%emt 0:01:52]} Qa4 {[%emt 0:06:52]} 28. Rd1 {[%emt 0:04:04]} b6 {[%emt 0:00:11]} 29. Rcc1 {[%emt 0:00:28]} c5 {[%emt 0:00:09]} 30. Bf3 {[%emt 0:01:32]} Rxd4 {[%emt 0:00:39]} 31. Re1 {[%emt 0:01:57]} Qb3 {[%emt 0:01:48]} 32. Rc3 {[%emt 0:01:08]} Qe6 {[%emt 0:00:07]} 33. b4 {[%emt 0:00:30]} Rc4 {[%emt 0:01:03]} 34. Rxc4 {[%emt 0:00:15]} Qxc4 {[%emt 0:00:06]} 35. Bc6 {[%emt 0:01:19]} Rd8 {[%emt 0:00:39]} 36. bxc5 {[%emt 0:00:50]} bxc5 {[%emt 0:00:32]} 37. Rf1 {[%emt 0:00:31]} Qe6 {[%emt 0:03:28]} 38. Bg2 {[%emt 0:00:32]} Qxe5 {[%emt 0:00:06]} 39. Re1 {[%emt 0:00:27]} Qd4 {[%emt 0:00:17]} 40. Qxd4 {[%emt 0:00:33]} cxd4 {[%emt 0:00:11]} 41. Kf2 {[%emt 0:00:29]} d3 {[%emt 0:00:06]} 42. Rd1 {[%emt 0:00:31]} d2 {[%emt 0:01:00]} 43. Ke2 {[%emt 0:00:25]} Bh5+ {[%emt 0:00:41]} 44. Bf3 {[%emt 0:00:24]} Bxf3+ {[%emt 0:00:04]} 45. Kxf3 {[%emt 0:00:08]} Rd3+ {[%emt 0:00:05]} 46. Kf2 {[%emt 0:01:01]} f5 {[%emt 0:00:04]} 0-1

[Event "ROU-ch Women 2021"]
[Site "Iasi"]
[Date "2021.04.19"]
[Round "1.2"]
[White "Sandu, Mihaela"]
[Black "Pancu, Aureliana-Eugenia"]
[Result "1-0"]
[WhiteElo "2268"]
[BlackElo "1878"]
[Annotator "ChessBase"]
[PlyCount "61"]
[EventDate "2021.04.19"]
[EventType "swiss"]
[EventCountry "ROU"]
[SourceTitle "playchess.com"]
[Source "ChessBase"]
[SourceQuality "1"]
[TimeControl "5400+30"]

1. e4 {[%emt 0:00:00]} e6 {[%emt 0:00:00]} 2. d4 {[%emt 0:00:00]} d5 {[%emt 0:00:00]} 3. Nc3 {[%emt 0:00:00]} Nf6 {[%emt 0:00:00]} 4. Bg5 {[%emt 0:01:03]} Be7 {[%emt 0:01:54]} 5. e5 {[%emt 0:00:08]} Nfd7 {[%emt 0:00:11]} 6. h4 {[%emt 0:00:13]} h6 {[%emt 0:01:52]} 7. Bxe7 {[%emt 0:00:10]} Qxe7 {[%emt 0:00:23]} 8. Qg4 {[%emt 0:00:41]} f5 {[%emt 0:01:55]} 9. Qh5+ {[%emt 0:00:57]} Qf7 {[%emt 0:00:17]} 10. Qxf7+ {[%emt 0:00:44]} Kxf7 {[%emt 0:00:09]} 11. Nge2 {[%emt 0:05:16]} g6 {[%emt 0:03:51]} 12. Nf4 {[%emt 0:00:28]} a6 {[%emt 0:00:30]} 13. Ncxd5 {[%emt 0:00:30]} exd5 {[%emt 0:00:30]} 14. e6+ {[%emt 0:00:30]} Kg7 {[%emt 0:00:30]} 15. exd7 {[%emt 0:00:30]} Bxd7 {[%emt 0:00:30]} 16. Nxd5 {[%emt 0:00:30]} Re8+ {[%emt 0:02:35]} 17. Kd2 {[%emt 0:06:05]} Re4 {[%emt 0:06:11]} 18. c3 {[%emt 0:04:52]} b5 {[%emt 0:00:30]} 19. f3 {[%emt 0:00:30]} Re8 {[%emt 0:10:02]} 20. Nxc7 {[%emt 0:00:46]} Nc6 {[%emt 0:00:18]} 21. Nxa8 {[%emt 0:00:33]} Rxa8 {[%emt 0:00:01]} 22. a4 {[%emt 0:02:02]} b4 {[%emt 0:00:19]} 23. Re1 {[%emt 0:02:08]} Kf6 {[%emt 0:00:25]} 24. Bc4 {[%emt 0:02:09]} bxc3+ {[%emt 0:01:24]} 25. bxc3 {[%emt 0:00:00]} Na5 {[%emt 0:00:16]} 26. Bd5 {[%emt 0:00:59]} Rd8 {[%emt 0:02:53]} 27. Re5 {[%emt 0:00:00]} Rb8 {[%emt 0:04:14]} 28. Re2 {[%emt 0:06:28]} Rb2+ {[%emt 0:01:46]} 29. Ke3 {[%emt 0:03:36]} Rxe2+ {[%emt 0:00:19]} 30. Kxe2 {[%emt 0:00:03]} Bxa4 {[%emt 0:00:05]} 31. Kd3 {[%emt 0:01:57]} 1-0

[Event "ROU-ch Women 2021"]
[Site "Iasi"]
[Date "2021.04.19"]
[Round "1.3"]
[White "Maria, Lia-Alexandra"]
[Black "Lehaci, Miruna-Daria"]
[Result "0-1"]
[WhiteElo "1713"]
[BlackElo "2188"]
[Annotator "NA"]
[PlyCount "76"]
[EventDate "2021.04.19"]
[EventType "swiss"]
[EventCountry "ROU"]
[SourceTitle "playchess.com"]
[Source "ChessBase"]
[SourceQuality "1"]
[TimeControl "5400+30"]

1. e4 {[%emt 0:00:00]} c5 {[%emt 0:00:00]} 2. Nf3 {[%emt 0:00:00]} d6 {[%emt 0:00:00]} 3. d4 {[%emt 0:00:00]} cxd4 {[%emt 0:00:00]} 4. Nxd4 {[%emt 0:00:06]} Nf6 {[%emt 0:00:00]} 5. Nc3 {[%emt 0:00:12]} Nc6 {[%emt 0:00:00]} 6. Bg5 {[%emt 0:00:14]} e6 {[%emt 0:00:16]} 7. Qd2 {[%emt 0:00:10]} a6 {[%emt 0:00:07]} 8. O-O-O {[%emt 0:00:44]} Bd7 {[%emt 0:00:05]} 9. f3 {[%emt 0:02:20]} Be7 {[%emt 0:00:17]} 10. g4 {[%emt 0:02:26]} h5 {[%emt 0:00:51]} 11. Be2 {[%emt 0:01:57]} Rc8 {[%emt 0:05:56]} 12. h4 {[%emt 0:03:31]} hxg4 {[%emt 0:06:49]} 13. fxg4 {[%emt 0:00:41]} b5 {[%emt 0:00:36]} 14. a3 {[%emt 0:05:07]} Ne5 {[%emt 0:05:27]} 15. Bxf6 {[%emt 0:05:39]} Bxf6 {[%emt 0:00:24]} 16. g5 {[%emt 0:00:09]} Be7 {[%emt 0:00:08]} 17. Rdf1 {[%emt 0:01:54]} Qb6 {[%emt 0:22:29]} 18. h5 {[%emt 0:05:29]} Nc4 {[%emt 0:08:48]} 19. Bxc4 {[%emt 0:00:51]} Rxc4 {[%emt 0:00:04]} 20. Nb3 {[%emt 0:00:18]} Qd8 {[%emt 0:10:01]} 21. Rfg1 {[%emt 0:01:13]} Bc8 {[%emt 0:05:26]} 22. g6 {[%emt 0:02:42]} fxg6 {[%emt 0:04:11]} 23. Rxg6 {[%emt 0:07:28]} Bf6 {[%emt 0:00:38]} 24. h6 {[%emt 0:01:24]} Kd7 {[%emt 0:04:59]} 25. Rhg1 {[%emt 0:02:05]} gxh6 {[%emt 0:01:02]} 26. Rxh6 {[%emt 0:00:48]} Rxh6 {[%emt 0:02:05]} 27. Qxh6 {[%emt 0:00:08]} Kc7 {[%emt 0:01:42]} 28. Na5 {[%emt 0:03:01]} Rc5 {[%emt 0:00:20]} 29. Qh7+ {[%emt 0:01:27]} Kb8 {[%emt 0:00:41]} 30. Nb7 {[%emt 0:01:54]} Bg5+ {[%emt 0:00:20]} 31. Kb1 {[%emt 0:00:27]} Bxb7 {[%emt 0:00:16]} 32. Ne2 {[%emt 0:02:38]} Re5 {[%emt 0:03:00]} 33. Rg4 {[%emt 0:01:48]} Qf6 {[%emt 0:00:51]} 34. Nd4 {[%emt 0:02:16]} Rc5 {[%emt 0:05:53]} 35. Qg8+ {[%emt 0:01:38]} Rc8 {[%emt 0:00:17]} 36. Qxg5 {[%emt 0:00:36]} Qxd4 {[%emt 0:00:05]} 37. Rg2 {[%emt 0:01:39]} Bxe4 {[%emt 0:01:01]} 38. Rd2 {[%emt 0:00:27]} Qc5 {[%emt 0:00:38]} 0-1

[Event "ROU-ch Women 2021"]
[Site "Iasi"]
[Date "2021.04.19"]
[Round "1.4"]
[White "Cosman, Andreea-Marioara"]
[Black "Andries, Alexia"]
[Result "1-0"]
[WhiteElo "2164"]
[BlackElo "1553"]
[Annotator "NA"]
[PlyCount "67"]
[EventDate "2021.04.19"]
[EventType "swiss"]
[EventCountry "ROU"]
[SourceTitle "playchess.com"]
[Source "ChessBase"]
[SourceQuality "1"]
[TimeControl "5400+30"]

1. d4 {[%emt 0:00:00]} d5 {[%emt 0:00:28]} 2. c4 {[%emt 0:00:00]} e6 {[%emt 0:00:05]} 3. Nc3 {[%emt 0:00:00]} Nf6 {[%emt 0:00:15]} 4. cxd5 {[%emt 0:00:00]} exd5 {[%emt 0:00:08]} 5. Bg5 {[%emt 0:00:00]} Be7 {[%emt 0:01:42]} 6. Qc2 {[%emt 0:00:03]} O-O {[%emt 0:01:53]} 7. e3 {[%emt 0:00:06]} b6 {[%emt 0:02:24]} 8. Bd3 {[%emt 0:02:58]} h6 {[%emt 0:00:09]} 9. Bf4 {[%emt 0:02:17]} c6 {[%emt 0:01:58]} 10. Nf3 {[%emt 0:00:55]} Nbd7 {[%emt 0:01:12]} 11. O-O {[%emt 0:03:01]} Bb7 {[%emt 0:02:16]} 12. Rac1 {[%emt 0:03:40]} c5 {[%emt 0:01:44]} 13. dxc5 {[%emt 0:01:59]} bxc5 {[%emt 0:00:18]} 14. Rfd1 {[%emt 0:03:12]} Rc8 {[%emt 0:08:44]} 15. Bf5 {[%emt 0:03:27]} a6 {[%emt 0:09:57]} 16. Ne5 {[%emt 0:03:01]} Nxe5 {[%emt 0:03:47]} 17. Bxc8 {[%emt 0:00:53]} Nf3+ {[%emt 0:00:19]} 18. gxf3 {[%emt 0:00:07]} Qxc8 {[%emt 0:00:19]} 19. Ne2 {[%emt 0:03:10]} d4 {[%emt 0:08:09]} 20. e4 {[%emt 0:04:56]} g5 {[%emt 0:06:54]} 21. Be5 {[%emt 0:14:26]} Nh5 {[%emt 0:04:32]} 22. Ng3 {[%emt 0:04:10]} Qh3 {[%emt 0:00:41]} 23. Qd3 {[%emt 0:04:50]} Nf4 {[%emt 0:00:22]} 24. Bxf4 {[%emt 0:02:38]} gxf4 {[%emt 0:00:06]} 25. Nf5 {[%emt 0:03:53]} Bf6 {[%emt 0:00:39]} 26. Rxc5 {[%emt 0:05:38]} Kh8 {[%emt 0:00:55]} 27. Kh1 {[%emt 0:00:33]} Re8 {[%emt 0:02:44]} 28. Nd6 {[%emt 0:01:03]} Rb8 {[%emt 0:02:34]} 29. Nxf7+ {[%emt 0:02:31]} Kg7 {[%emt 0:00:10]} 30. Rc7 {[%emt 0:00:58]} Kf8 {[%emt 0:00:16]} 31. Qa3+ {[%emt 0:00:39]} Ke8 {[%emt 0:01:40]} 32. Rg1 {[%emt 0:00:14]} Bg5 {[%emt 0:01:26]} 33. Nxg5 {[%emt 0:00:14]} hxg5 {[%emt 0:00:06]} 34. Qe7# {[%emt 0:00:05]} 1-0

[Event "ROU-ch Women 2021"]
[Site "Iasi"]
[Date "2021.04.19"]
[Round "1.5"]
[White "Marcu, Daria-Ana"]
[Black "Ciolacu, Alessia-Mihaela"]
[Result "0-1"]
[WhiteElo "1533"]
[BlackElo "2052"]
[Annotator "NA"]
[PlyCount "96"]
[EventDate "2021.04.19"]
[EventType "swiss"]
[EventCountry "ROU"]
[SourceTitle "playchess.com"]
[Source "ChessBase"]
[SourceQuality "1"]
[TimeControl "5400+30"]

1. e4 {[%emt 0:00:00]} c5 {[%emt 0:00:00]} 2. Nf3 {[%emt 0:00:00]} d6 {[%emt 0:00:00]} 3. d4 {[%emt 0:00:00]} cxd4 {[%emt 0:00:00]} 4. Nxd4 {[%emt 0:00:00]} Nf6 {[%emt 0:00:00]} 5. Nc3 {[%emt 0:00:08]} a6 {[%emt 0:00:04]} 6. Bg5 {[%emt 0:00:24]} Nbd7 {[%emt 0:00:23]} 7. Qd2 {[%emt 0:00:48]} h6 {[%emt 0:02:14]} 8. Be3 {[%emt 0:04:20]} Qc7 9. Nb3 {[%emt 0:10:00]} e6 {[%emt 0:00:36]} 10. Be2 {[%emt 0:00:23]} b5 {[%emt 0:00:51]} 11. a3 {[%emt 0:00:00]} Bb7 {[%emt 0:17:10]} 12. f3 {[%emt 0:00:00]} Be7 {[%emt 0:03:24]} 13. O-O-O {[%emt 0:00:00]} Ne5 {[%emt 0:06:07]} 14. Qd4 {[%emt 0:00:00]} Rc8 {[%emt 0:03:35]} 15. h3 {[%emt 0:00:38]} d5 {[%emt 0:08:18]} 16. Qb6 {[%emt 0:02:06]} Qxb6 {[%emt 0:04:20]} 17. Bxb6 {[%emt 0:00:07]} dxe4 {[%emt 0:00:17]} 18. f4 {[%emt 0:10:59]} Ned7 {[%emt 0:07:17]} 19. Bd4 {[%emt 0:03:00]} O-O {[%emt 0:02:08]} 20. Rhg1 {[%emt 0:01:48]} Nd5 {[%emt 0:03:09]} 21. g3 {[%emt 0:04:09]} Nxc3 {[%emt 0:01:05]} 22. Bxc3 {[%emt 0:00:15]} Bd5 {[%emt 0:00:36]} 23. Nd2 {[%emt 0:08:58]} Bxa3 {[%emt 0:03:21]} 24. Kb1 {[%emt 0:02:26]} Bc5 {[%emt 0:01:36]} 25. Rgf1 {[%emt 0:00:13]} b4 {[%emt 0:01:49]} 26. Be5 {[%emt 0:01:18]} f6 {[%emt 0:04:31]} 27. Bxa6 {[%emt 0:02:21]} Ra8 {[%emt 0:02:03]} 28. Bb5 {[%emt 0:00:55]} fxe5 {[%emt 0:03:14]} 29. Bxd7 {[%emt 0:00:23]} Ra7 {[%emt 0:00:19]} 30. Bb5 {[%emt 0:00:23]} exf4 {[%emt 0:01:23]} 31. gxf4 {[%emt 0:01:04]} Be3 {[%emt 0:05:47]} 32. Nb3 {[%emt 0:10:20]} Bxf4 {[%emt 0:03:04]} 33. Rd4 {[%emt 0:01:47]} Bd6 {[%emt 0:02:21]} 34. Rxf8+ {[%emt 0:00:26]} Kxf8 {[%emt 0:00:17]} 35. Rd1 {[%emt 0:01:50]} g5 {[%emt 0:02:36]} 36. Nd4 {[%emt 0:01:27]} Ba2+ {[%emt 0:02:49]} 37. Ka1 {[%emt 0:00:45]} Bb3+ {[%emt 0:00:18]} 38. Kb1 {[%emt 0:00:09]} Ba2+ {[%emt 0:00:05]} 39. Ka1 {[%emt 0:00:05]} Bd5+ {[%emt 0:00:05]} 40. Kb1 {[%emt 0:00:06]} Ra5 {[%emt 0:01:38]} 41. Bd7 {[%emt 0:04:13]} e5 {[%emt 0:05:59]} 42. Bc6 {[%emt 0:02:20]} Ba2+ {[%emt 0:00:11]} 43. Ka1 {[%emt 0:00:40]} exd4 {[%emt 0:00:05]} 44. Rxd4 {[%emt 0:01:08]} Bd5+ {[%emt 0:00:19]} 45. Kb1 {[%emt 0:01:10]} Bxc6 {[%emt 0:00:05]} 46. Rxd6 {[%emt 0:00:08]} Bd5 {[%emt 0:01:16]} 47. Rb6 {[%emt 0:00:42]} e3 {[%emt 0:00:10]} 48. Rf6+ {[%emt 0:01:16]} Kg7 {[%emt 0:00:30]} 0-1

[Event "ROU-ch Women 2021"]
[Site "Iasi"]
[Date "2021.04.19"]
[Round "1.6"]
[White "Obada, Ema"]
[Black "Pirvan, Maria"]
[Result "1-0"]
[WhiteElo "1940"]
[BlackElo "1529"]
[Annotator "ChessBase"]
[PlyCount "93"]
[EventDate "2021.04.19"]
[EventType "swiss"]
[EventCountry "ROU"]
[SourceTitle "playchess.com"]
[Source "ChessBase"]
[SourceQuality "1"]
[TimeControl "5400+30"]

1. e4 {[%emt 0:00:00]} c5 {[%emt 0:00:00]} 2. Nf3 {[%emt 0:00:00]} Nc6 {[%emt 0:00:00]} 3. Bb5 {[%emt 0:00:00]} g6 {[%emt 0:01:28]} 4. Bxc6 {[%emt 0:00:00]} dxc6 {[%emt 0:03:17]} 5. O-O {[%emt 0:00:14]} Nf6 {[%emt 0:00:32]} 6. d3 {[%emt 0:01:06]} Bg7 {[%emt 0:00:30]} 7. Nc3 {[%emt 0:01:27]} O-O {[%emt 0:01:55]} 8. Be3 {[%emt 0:00:37]} b6 {[%emt 0:01:07]} 9. h3 {[%emt 0:01:37]} Ba6 {[%emt 0:11:34]} 10. Qc1 {[%emt 0:09:03]} Qc7 {[%emt 0:11:11]} 11. Bf4 {[%emt 0:01:54]} Qb7 {[%emt 0:00:22]} 12. Bh6 {[%emt 0:01:15]} c4 {[%emt 0:09:24]} 13. Bxg7 {[%emt 0:05:11]} Kxg7 {[%emt 0:00:12]} 14. d4 {[%emt 0:00:30]} c5 {[%emt 0:06:53]} 15. d5 {[%emt 0:06:37]} b5 {[%emt 0:07:18]} 16. Qe3 {[%emt 0:06:02]} Rac8 {[%emt 0:01:01]} 17. Rad1 {[%emt 0:09:44]} Rfd8 {[%emt 0:02:25]} 18. Ne2 {[%emt 0:06:54]} e6 {[%emt 0:24:25]} 19. dxe6 {[%emt 0:17:55]} Qxe4 {[%emt 0:03:07]} 20. Qxe4 {[%emt 0:05:13]} Nxe4 {[%emt 0:00:19]} 21. e7 {[%emt 0:00:36]} Rxd1 {[%emt 0:04:30]} 22. Rxd1 {[%emt 0:00:07]} Nf6 {[%emt 0:03:01]} 23. Rd8 {[%emt 0:01:15]} Ne8 {[%emt 0:03:08]} 24. Nf4 {[%emt 0:02:26]} f6 {[%emt 0:02:22]} 25. Rd7 {[%emt 0:00:22]} Ra8 {[%emt 0:01:32]} 26. Ne6+ {[%emt 0:04:18]} Kf7 {[%emt 0:00:09]} 27. Nxc5 {[%emt 0:01:38]} Bc8 {[%emt 0:00:15]} 28. Rd1 {[%emt 0:01:42]} Kxe7 {[%emt 0:00:29]} 29. Nd4 {[%emt 0:00:18]} Nc7 {[%emt 0:01:17]} 30. Nc6+ {[%emt 0:01:18]} Kf7 {[%emt 0:00:39]} 31. Rd8 {[%emt 0:01:44]} Ne6 {[%emt 0:00:36]} 32. Nxe6 {[%emt 0:00:18]} Kxe6 {[%emt 0:00:05]} 33. Nd4+ {[%emt 0:00:15]} Ke7 {[%emt 0:00:38]} 34. Rh8 {[%emt 0:00:07]} a6 {[%emt 0:00:42]} 35. Rxh7+ {[%emt 0:00:30]} Kd6 {[%emt 0:00:31]} 36. c3 {[%emt 0:02:22]} Bf5 {[%emt 0:00:34]} 37. f4 {[%emt 0:02:58]} Bd3 {[%emt 0:00:26]} 38. Rf7 {[%emt 0:00:21]} f5 {[%emt 0:00:33]} 39. Rf6+ {[%emt 0:00:17]} Kc7 {[%emt 0:00:11]} 40. Rxg6 {[%emt 0:00:10]} Re8 {[%emt 0:00:47]} 41. Re6 {[%emt 0:00:21]} Rxe6 {[%emt 0:00:29]} 42. Nxe6+ {[%emt 0:00:04]} Kd6 {[%emt 0:00:10]} 43. Nd4 {[%emt 0:00:05]} Kc5 {[%emt 0:00:16]} 44. a3 {[%emt 0:00:33]} a5 {[%emt 0:00:10]} 45. Kf2 {[%emt 0:01:03]} b4 {[%emt 0:00:15]} 46. axb4+ {[%emt 0:00:04]} axb4 {[%emt 0:00:06]} 47. g4 {[%emt 0:01:59]} 1-0

[Event "ROU-ch Women 2021"]
[Site "Iasi"]
[Date "2021.04.20"]
[Round "2.1"]
[White "Peptan, Corina-Isabela"]
[Black "Cosman, Andreea-Marioara"]
[Result "1-0"]
[WhiteElo "2392"]
[BlackElo "2164"]
[Annotator "TA"]
[PlyCount "127"]
[EventDate "2021.04.19"]
[EventType "swiss"]
[EventCountry "ROU"]
[SourceTitle "playchess.com"]
[Source "ChessBase"]
[SourceQuality "1"]

{[%evp 9,127,37,35,25,35,35,38,16,27,27,29,5,0,0,24,0,16,27,24,25,21,20,26,-6,-15,-27,-35,-53,-7,-75,-68,-71,0,0,0,0,18,10,13,0,0,-37,-38,-34,-37,-27,106,98,129,112,119,134,130,121,117,114,109,69,67,62,70,70,67,48,167,177,180,24,22,38,31,20,11,0,0,0,0,0,0,0,0,0,211,185,202,0,9,-5,-5,-6,-1,0,0,0,0,0,0,0,29967,29972,29976,29972,29977,29978,29978,29978,29977,29978,29978,29979,29979,29980,29980,29978,29979,29979,29979,29980,29988,29989]} 1. d4 Nf6 2. Nf3 g6 3. g3 c5 4. d5 e6 5. Nc3 {[#]} d6 $146 ({Predecessor:} 5... Bg7 6. Bg2 O-O 7. O-O d6 8. Nd2 e5 9. Nc4 a6 10. a4 b6 11. f4 exf4 12. Bxf4 {0-1 (36) Chiaretti,R (2180)-Gardon,E Italy 1998}) 6. dxe6 {A49: 1 d4 Nf6 2 Nf3 g6 3 g3: Anti-King's Indian systems.} Bxe6 7. Bg2 h6 8. O-O {White is slightly better.} Nc6 9. e4 Qd7 10. Re1 Bg7 11. Nd5 O-O-O 12. Nf4 Bg4 13. h3 Bxf3 14. Bxf3 Kb8 15. Bg2 g5 16. Nd5 Nxd5 17. exd5 Ne5 18. a4 Rde8 19. Rf1 (19. a5 $11) 19... f5 $17 20. c3 f4 (20... c4 $17) 21. gxf4 $11 gxf4 22. Bxf4 Qf5 23. Bg3 h5 24. h4 Bf6 25. a5 Rhg8 {[%mdl 1024] White must now prevent ...Bxh4! Black has compensation.} 26. a6 {Threatens to win with axb7.} b6 27. Qa4 c4 (27... Nf3+ $1 $11 28. Kh1 Be5) 28. Rae1 $16 Re7 29. Re3 Reg7 {Hoping for ...Bxh4!} 30. Rfe1 $1 Qd7 31. Qxd7 Rxd7 32. Bh3 Rdg7 {White should prevent ...Bxh4.} 33. Be6 Rf8 34. Kh1 Kc7 35. Rb1 ({Much worse is} 35. Bxe5 Bxe5 36. Rg1 Rxg1+ 37. Kxg1 b5 $15) 35... b5 36. b3 Kb6 ({Black should play} 36... cxb3 $14 37. Rxb3 Kb6) 37. f4 $18 Ng4 38. Rf3 (38. Bxg4 $18 Rxg4 39. bxc4) 38... cxb3 $11 39. Rxb3 {aiming for c4.} Rc7 40. Bxg4 (40. Kg2 {is interesting.} Kxa6 41. Bxg4 hxg4 42. Re3 Rc5 43. Bf2) 40... hxg4 41. Bf2+ Kxa6 42. Ra3+ Kb7 43. Rxa7+ Kb8 44. Rxc7 Kxc7 45. Re3 Bxh4 $2 46. Bxh4 {[%mdl 4096] Endgame KRB-KR} Rh8 {[#]} 47. Kg2 $2 Rxh4 {KR-KR} 48. c4 Rh3 49. Re7+ Kb6 50. cxb5 Kxb5 51. Rg7 $1 Rd3 52. Rxg4 Rxd5 53. Kf3 Kc4 $2 {[%mdl 8192]} (53... Rd1 $11) 54. f5+ $1 {White mates.} Kc3 55. Rf4 Rd1 56. f6 Rf1+ 57. Kg4 Rg1+ 58. Kf5 Rg8 59. f7 Rd8 60. Ke6 d5 61. Rf3+ Kc2 62. Rf5 d4 63. Rd5 Rxd5 64. Kxd5 {Weighted Error Value: White=0.18/Black=0.29} 1-0

[Event "ROU-ch Women 2021"]
[Site "Iasi"]
[Date "2021.04.20"]
[Round "2.2"]
[White "Ciolacu, Alessia-Mihaela"]
[Black "Sandu, Mihaela"]
[Result "1-0"]
[WhiteElo "2052"]
[BlackElo "2268"]
[Annotator "TA"]
[PlyCount "59"]
[EventDate "2021.04.19"]
[EventType "swiss"]
[EventCountry "ROU"]
[SourceTitle "playchess.com"]
[Source "ChessBase"]
[SourceQuality "1"]

{[%evp 11,59,53,55,10,49,47,36,18,38,54,50,49,84,68,86,79,81,114,195,188,406,402,394,220,193,183,170,154,388,383,359,220,469,457,459,428,618,620,723,700,831,828,814,816,1782,1729,1663,1614,29986,29987]} 1. d4 Nf6 2. c4 g6 3. Nc3 Bg7 4. e4 d6 5. Be2 c6 6. Be3 O-O 7. g4 {E73: King's Indian: Averbakh Variation without 6...c5.} d5 8. cxd5 cxd5 9. e5 {White is slightly better.} Ne4 10. h4 {[#]} Nc6 $146 ({Predecessor:} 10... Nxc3 11. bxc3 f6 12. f4 Nc6 13. h5 Rf7 14. hxg6 hxg6 15. Bd3 f5 16. Nf3 e6 {1-0 (46) Ciolacu,A (1787)-Jarocka,L (1970) Mamaia 2017}) 11. h5 Be6 12. Nh3 Qb6 $1 {[%cal Rb6b2]} 13. Rb1 Qa5 14. Kf1 Nxc3 (14... Rad8 $16) 15. bxc3 $18 Qxc3 $2 (15... Rfc8 16. Nf4 (16. Rxb7 Bxg4 17. Bxg4 Qa6+ 18. Kg2 Qxb7 $16) 16... Nd8) 16. hxg6 hxg6 17. Ng5 (17. Rb3 $142 Qa5 18. Ng5) 17... Nd8 18. Kg2 {Intending Rh8+! and mate.} f6 19. exf6 exf6 {A mistake that costs the game.} (19... Rxf6 $16 {is a better defense.} 20. Rc1 Qb2) 20. Nxe6 Nxe6 21. Rxb7 {Qb1 is the strong threat.} Rab8 $2 (21... Rf7 {was worth a try.} 22. Qb1 Qc6) 22. Qb1 Rxb7 23. Qxb7 {[%mdl 64] [#] Double Attack} Rd8 (23... Qc8 $142 24. Qxd5 Rd8) 24. Rc1 Qa5 25. Rc6 Re8 26. Ra6 {[%mdl 64] Double Attack} Qd8 27. Rxa7 Qb8 28. Qf7+ {[%mdl 64] [#] Double Attack} Kh8 29. Rb7 Qc8 30. Rb1 {Weighted Error Value: White=0.17/Black=0.85} 1-0

[Event "ROU-ch Women 2021"]
[Site "Iasi"]
[Date "2021.04.20"]
[Round "2.3"]
[White "Lehaci, Miruna-Daria"]
[Black "Obada, Ema"]
[Result "1/2-1/2"]
[WhiteElo "2188"]
[BlackElo "1940"]
[Annotator "TA"]
[PlyCount "111"]
[EventDate "2021.04.19"]
[EventType "swiss"]
[EventCountry "ROU"]
[SourceTitle "playchess.com"]
[Source "ChessBase"]
[SourceQuality "1"]

{[%evp 9,111,-23,-6,-36,-20,-8,-26,-17,35,30,31,34,35,35,35,35,38,37,65,62,65,65,68,37,25,-8,37,35,103,69,64,76,73,29,82,24,70,63,86,72,75,81,68,49,88,90,106,76,143,128,170,157,158,115,164,162,149,143,187,187,232,95,87,85,114,113,114,114,112,102,101,66,58,68,107,57,60,53,53,55,56,51,60,8,8,8,27,27,138,87,137,0,130,108,109,0,83,2,2,4,5,0,4,15]} 1. d4 e6 2. Bf4 Nf6 3. e3 c5 4. Nc3 a6 5. Qf3 {[#]} cxd4 $146 ({Predecessor:} 5... d5 6. g4 Qa5 7. Nge2 Nc6 8. Bg2 Ne4 9. Rd1 Be7 10. O-O Nxc3 11. Nxc3 O-O 12. dxc5 Qxc5 {1-0 (48) Blinkov,P (2297)-Arstila,P (2061) Helsinki 2020}) 6. exd4 {A45: Trompowsky Attack.} Nc6 7. O-O-O d5 8. g4 $1 {Black has an edge.} Bd6 ({Black should try} 8... b5 $11) 9. g5 Ng8 10. h4 Nge7 11. Nge2 Qc7 12. Bxd6 Qxd6 13. h5 h6 14. gxh6 Rxh6 15. Bh3 Bd7 16. Rhg1 g6 17. Bg4 Rh7 18. hxg6 fxg6 (18... Nxg6 $14 19. Rh1 Rg7) 19. Rh1 Rxh1 20. Rxh1 {[#] Threatens to win with Rh8+.} O-O-O 21. Qe3 Rf8 (21... e5 $11 {keeps the balance.} 22. dxe5 Qxe5 23. Bxd7+ Kxd7) 22. f4 (22. Na4 $16) 22... Na5 23. b3 Nac6 24. Kb2 Nf5 25. Bxf5 Rxf5 26. Nd1 {[%cal Bc3d1,Bd1e3,Be3g4,Bg4e5][%mdl 32]} Ne7 27. Rh8+ Kc7 28. Qc3+ Kb6 ({Black should play} 28... Nc6) 29. Ne3 Rf7 30. a4 Nc6 31. Rg8 Ne7 32. Ra8 {Hoping for a5+.} Nc6 33. Ng4 Kc7 34. Rg8 Qb4 {[#]} 35. Rxg6 (35. Qg3 $1 $18 {has better winning chances.}) 35... Qxc3+ $16 36. Kxc3 Rh7 37. Ne5 Ne7 38. Rf6 Bc8 39. Nc1 Nf5 40. Rf7+ Rxf7 41. Nxf7 $14 {[%mdl 4096] Endgame KBN-KNN} Bd7 42. Nd3 b6 43. Ng5 Kd6 44. Ne5 Be8 45. Kd3 b5 46. a5 ({Better is} 46. axb5 $14 axb5 47. Ngf3) 46... b4 $11 47. Ngf3 Bb5+ 48. Kd2 Ne7 (48... Bf1 $11) 49. Ne1 (49. Nh4 $142) 49... Nf5 50. N1f3 Ne7 51. Nh4 Kc7 52. Nhf3 Kd6 $1 53. c3 (53. Nf7+ $16 Kc7 54. N3e5) 53... bxc3+ {The position is equal.} 54. Kxc3 Nf5 55. Ne1 Ng3 56. Kd2 {Black defended with fortune.  Weighted Error Value: White=0.24/Black=0.20} 1/2-1/2